Carregant...

Shikayat/

Dades bibliogràfiques
Autor principal: Valmiki Thripati
Format: Printed Book
Publicat: Kanpur: Grantham, 1992.
Matèries:
LEADER 00511nam a22001571a 4500
082 |a H4  |b VAL/S 
100 |a Valmiki Thripati  |9 158606 
245 |a Shikayat/  |c by Valmiki Thripati. 
260 |a Kanpur:  |b Grantham,  |c 1992. 
300 |a 461p. 
650 |a Essays Hindi  |9 158607 
650 |a Literature Hindi  |9 158608 
650 |a Literature  |9 158609 
942 |c BK 
999 |c 41785  |d 41785 
952 |0 0  |1 0  |4 0  |6 H_4_000000000000000_VAL_S  |7 0  |9 60495  |a SSUS  |b SSUS  |d 2015-01-08  |g 200.00  |o H4 VAL/S  |p 011169  |r 2015-01-08  |v 0.00  |w 2015-01-08  |y BK